书目信息 |
| 题名: |
北京旅游
|
|
| 作者: | 陈志辉 , 纪勇 主编 | |
| 分册: | ||
| 出版信息: | 北京 中国地图出版社 2002 |
|
| 页数: | 193页 | |
| 开本: | 22cm | |
| 丛书名: | ||
| 单 册: | ||
| 中图分类: | K928.91 | |
| 科图分类: | ||
| 主题词: | 导游--北京市--手册 , 导游 | |
| 电子资源: | ||
| ISBN: | 7-5031-3059-8 | |
| 000 | 00754nam0 2200241 45 | |
| 001 | 010020006644 | |
| 005 | 20061106162447.09 | |
| 010 | @a7-5031-3059-8@dCNY28.00 | |
| 100 | @a20021118d2002 em y0chiy0110 ea | |
| 101 | 0 | @achi |
| 102 | @aCN@b110000 | |
| 105 | @aab z 000yy | |
| 200 | 1 | @a北京旅游@9bei jing lu^ you@e游北京及周边随身必备的手册@f陈志辉,纪勇主编 |
| 210 | @a北京@c中国地图出版社@d2002 | |
| 215 | @a193页@c图,地图@d22cm | |
| 517 | 1 | @a游北京及周边随身必备的手册@9you bei jing ji zhou bian sui shen bi bei de shou ce |
| 606 | 0 | @a导游@y北京市@j手册 |
| 606 | 0 | @a导游 |
| 690 | @aK928.91@v4 | |
| 701 | 0 | @a陈志辉@9chen zhi hui@4主编 |
| 701 | 0 | @a纪勇@9ji yong@4主编 |
| 801 | 0 | @aCN@bRENTIAN@c20061106 |
| 905 | @a10447@dK928.91@e358 | |
| 北京旅游:游北京及周边随身必备的手册/陈志辉,纪勇主编.-北京:中国地图出版社,2002 |
| 193页:图,地图;22cm |
| ISBN 7-5031-3059-8:CNY28.00 |
| ● |
| 相关链接 |
|
|
|
|
正题名:北京旅游
索取号:K928.91/358
 
预约/预借
| 序号 | 登录号 | 条形码 | 馆藏地/架位号 | 状态 | 备注 |
| 1 | 0382020 | 203820204 | 第二样本阅览室/ [索取号:K928.91/358] | 在馆 | |
| 2 | 0382021 | 203820213 | 第二借阅区/ [索取号:K928.91/358] | 在馆 | |
| 3 | 0382022 | 203820222 | 第二借阅区/ [索取号:K928.91/358] | 在馆 | |
| 4 | 0382023 | 203820231 | 第二借阅区/ [索取号:K928.91/358] | 在馆 | |
| 5 | 0382024 | 203820240 | 第二借阅区/ [索取号:K928.91/358] | 在馆 |